Particularitats en el disseny de menús : al·lèrgies i intoleràncies alimentàries : pràctiques culinàries dels nouvinguts al·lèrgies i intoleràncies alimentàries :
Publicado:
Barcelona :
Diputació de Barcelona. Àrea de Salut Pública i Consum. Servei de Salut Pública, [2010?]
Descripción Física:
[36] f. : il. ; 29 cm
MARC
| LEADER | 00000nam a2200000Ia 4500 | ||
|---|---|---|---|
| 001 | 23157 | ||
| 008 | 160829s9999 xx 000 0 cat d | ||
| 080 | |a FU-58-34 | ||
| 245 | |a Particularitats en el disseny de menús : |b al·lèrgies i intoleràncies alimentàries : |b pràctiques culinàries dels nouvinguts | ||
| 260 | |a Barcelona : |b Diputació de Barcelona. Àrea de Salut Pública i Consum. Servei de Salut Pública, [2010?] | ||
| 300 | |a [36] f. : |b il. ; |c 29 cm | ||
| 650 | |a Aliments |x Manipulació |9 44997 | ||
| 650 | |a Al·lèrgia alimentària |9 44998 | ||
| 710 | |a Barcelona (Catalunya : Província). |b Servei de Salut Pública |9 52202 | ||
| 901 | |a Arxiu | ||
| 942 | |n 1 | ||
| 952 | |0 0 |1 0 |4 0 |6 FU5834 |7 1 |9 52309 |a Arxiu |b Arxiu |d 2016-12-01 |l 0 |o FU-58-34 |p 23157 |r 2016-12-01 00:00:00 |w 2016-12-01 |y ARXIU | ||
| 999 | |c 56157 |d 56157 | ||